000 00954nam a2200241 a 4500
001 49125
003 BD-RjUL
005 20211209054634.0
008 160817s1969 bg ||||| |||| 00| 0 ben d
020 _c: Tk.3.50
035 _a(BD-RjUL)49244
040 _aBD-RjUL
_bben
_cBD-RjUL
_dBD-RjUL
041 _aben
082 _223
_a891.441
_bFAS 1969
100 _aফয়জুল্লাহ্, মীর
_9147731
245 1 0 _aসুলতান জমজমা /
_cমীর ফয়জুল্লাহ্ ; আবদুল গফুরঃ সম্পাদিত
260 _aঢাকা :
_bকেন্দ্রীয় বাঙলা-উন্নয়ন-বোর্ড,
_c১৯৬৯
300 _a১৫৬ পৃ. ;
_c২১ সেমি.
650 _aবাংলা কবিতা
_9147732
650 _aBengali poetry
_9147733
700 _aগফুর, আবদুলঃ সম্পাদিত
_9147734
942 _2ddc
_cBK
999 _c49125
_d49125